000 nam a22 7a 4500
999 _c10821
_d10821
008 180226b ||||| |||| 00| 0 eng d
100 _aChabra, T N
_96627
245 _aBusiness studies -XII
260 _aNew Delhi
_bArya Publication
_c2015